000 00985nam a22003730a 4500
001 PT59957
003 AR-LpoUNG
005 20210201010509.0
008 201001s2015||||ag |||||||||||||||||spa d
020 _a9789876199926
_c$2
040 _aAR-LpoUNG
_bspa
_eaacr
041 _aspa
044 _aag
082 0 _a982.822 2 394-2015
100 1 _aDeniri, Jorge Enrique
_ecoor.
245 1 0 _aAnuario 2015 :
_banales No. 17 de la Junta de Historia de la Provincia de Corrientes
250 _a1ra. ed.
260 _aCorrientes :
_bMoglia,
_c2015.
300 _a304 p. :
_bfot.
_3Impreso
490 0 _aAnales ;
_vv.2017
650 4 _aARGENTINA
650 4 _aARQUITECTURA
650 4 _aCULTURA POPULAR
650 4 _aGOBIERNO LOCAL
650 4 _aHISTORIA
650 4 _aHISTORIA POLITICA
650 4 _aIDENTIDAD CULTURAL
650 4 _aPATRIMONIO CULTURAL
653 _aCORRIENTES
653 _aHISTORIA LOCAL
653 _aITATI
905 _a59957
942 _cLIB
999 _c51558
_d51558